[Event "come and have another go..."]
[Site "SchemingMind.com"]
[Date "2021.06.20"]
[Round "-"]
[White "The Chess Machine"]
[Black "Rubén Pulido "]
[Result "1/2-1/2"]
[WhiteCountry "ENG"]
[BlackCountry "CUB"]
[WhiteElo "2522"]
[WhiteRD "86"]
[BlackElo "2529"]
[BlackRD "66"]
[GameID "712598"]

1. e4 c5 2. Nf3 Nc6 3. Bb5 g6 4. O-O Bg7 5. Re1 e5 6. Bxc6 dxc6 7. d3 Qe7 8. h3 Nf6 9. Be3 O-O 10. Qd2 b6
11. a4 a5 12. Na3 Ba6 13. b3 Rfe8 14. Nc4 Qc7 15. g3 Nh5 16. Nh2 Bc8 17. Ng4 Rd8 18. Qe2 Be6 19. Bd2 f6 20. Nce3 Rf8
21. Bc3 Rab8=
1/2-1/2

[Event "come and have another go..."]
[Site "SchemingMind.com"]
[Date "2021.06.20"]
[Round "-"]
[White "Rubén Pulido "]
[Black "The Chess Machine"]
[Result "1/2-1/2"]
[WhiteCountry "CUB"]
[BlackCountry "ENG"]
[WhiteElo "2529"]
[WhiteRD "66"]
[BlackElo "2522"]
[BlackRD "86"]
[GameID "712599"]

1. Nf3 d5 2. c4 e6 3. d4 Nf6 4. Nc3 Be7 5. Bf4 O-O 6. e3 Nbd7 7. Be2 dxc4 8. Bxc4 a6 9. a4 c5 10. O-O cxd4
11. Qxd4 b6 12. Rfd1 Bb7 13. Be2 h6 14. h3 Nc5 15. Qc4 Nd5 16. b4 b5 17. axb5 axb5 18. Nxb5 Rxa1 19. Rxa1 Nxf4 20. exf4 Bd5
21. Qc3 Ne4 22. Qd4 Bf6 23. Ne5 g5 24. Bd3=
1/2-1/2

[Event "come and have another go..."]
[Site "SchemingMind.com"]
[Date "2021.07.10"]
[Round "-"]
[White "The Chess Machine"]
[Black "Giraldo Menendez Rodriguez"]
[Result "1/2-1/2"]
[WhiteCountry "ENG"]
[BlackCountry "CUB"]
[WhiteElo "2536"]
[WhiteRD "80"]
[BlackElo "2583"]
[BlackRD "72"]
[GameID "713268"]

1. e4 c5 2. Nf3 d6 3. d4 cxd4 4. Nxd4 Nf6 5. Nc3 a6 6. g3 e5 7. Nde2 Be7 8. Bg2 O-O 9. a4 Nc6 10. O-O Nb4
11. b3 Be6 12. Ba3 a5 13. Nb5 d5 14. exd5 Bxd5 15. Bxd5 Nfxd5 16. c4 Nf6 17. Nec3 Bc5 18. Qe2 Qe7 19. Rad1 e4 20. Bxb4 Bxb4
21. Nd5= Nxd5 22. Rxd5 Rad8 23. Rfd1 h6 24. Rxd8 Rxd8 25. Rxd8+ Qxd8 26. Qxe4 Qd1+=
1/2-1/2

[Event "come and have another go..."]
[Site "SchemingMind.com"]
[Date "2021.07.09"]
[Round "-"]
[White "Giraldo Menendez Rodriguez"]
[Black "The Chess Machine"]
[Result "1-0"]
[WhiteCountry "CUB"]
[BlackCountry "ENG"]
[WhiteElo "2583"]
[WhiteRD "72"]
[BlackElo "2536"]
[BlackRD "80"]
[GameID "713269"]

1. d4 e6 2. e4 d5 3. Nc3 Bb4 4. e5 b6 5. Qg4 Bf8 6. Nf3 Qd7 7. Bb5 c6 8. Be2 Ba6 9. O-O Ne7 10. Rd1 c5
11. dxc5 bxc5 12. Bxa6 Nxa6 13. Ne4 h5 14. Qh3 Ng6 15. c4 d4 16. Rb1 Rb8 17. Nfg5 Nxe5 18. Bf4 Nc6 19. Bxb8 Naxb8 20. f4 Be7
21. Rf1
1-0

[Event "come and have another go..."]
[Site "SchemingMind.com"]
[Date "2021.07.09"]
[Round "-"]
[White "Giraldo Menendez Rodriguez"]
[Black "Rubén Pulido "]
[Result "1/2-1/2"]
[WhiteCountry "CUB"]
[BlackCountry "CUB"]
[WhiteElo "2591"]
[WhiteRD "66"]
[BlackElo "2508"]
[BlackRD "74"]
[GameID "713270"]

1. e4 c5 2. Nf3 Nc6 3. Bb5 g6 4. Bxc6 dxc6 5. d3 Bg7 6. h3 Nf6 7. Nc3 O-O 8. Be3 b6 9. Qd2 e5 10. Bh6 Qd6
11. Bxg7 Kxg7 12. b3 Ne8 13. Nh2 Nc7 14. O-O Bd7 15. Rae1 Rae8 16. Ne2 f6 17. f3 Nb5 18. Ng4 Bxg4 19. fxg4 Rf7 20. a4 Nd4
21. Ra1 Rh8 22. Ng3 Ne6 23. Rf2 Qd4 24. Qc1 Nf4 25. Qe1 Rb8 26. Kh2 Ne6 27. Ne2 Qd7 28. Qd2 Rh8 29. Ng3 Qd4=
1/2-1/2

[Event "come and have another go..."]
[Site "SchemingMind.com"]
[Date "2021.07.09"]
[Round "-"]
[White "Rubén Pulido "]
[Black "Giraldo Menendez Rodriguez"]
[Result "1/2-1/2"]
[WhiteCountry "CUB"]
[BlackCountry "CUB"]
[WhiteElo "2508"]
[WhiteRD "74"]
[BlackElo "2591"]
[BlackRD "66"]
[GameID "713271"]

1. e4 c5 2. Nf3 d6 3. d4 cxd4 4. Nxd4 Nf6 5. Nc3 a6 6. Be3 e5 7. Nb3 Be6 8. f3 h5 9. Nd5 Bxd5 10. exd5 Nbd7
11. Qd2 g6 12. Be2 Bg7 13. O-O b6 14. c4 O-O 15. Rae1 Re8 16. Kh1 Rb8 17. Bg5 Qc7 18. Bd3 Nh7 19. Be3 Nhf6 20. Bf2 a5
21. Qe2 Bh6 22. Nd2 b5 23. Ne4 Nxe4 24. fxe4 bxc4 25. Bxc4 Rf8 26. b3 Nf6 27. Bh4 Nh7 28. Rf3 Bg5 29. Bf2=
1/2-1/2

[Event "come and have another go..."]
[Site "SchemingMind.com"]
[Date "2021.07.16"]
[Round "-"]
[White "The Chess Machine"]
[Black "Robert Bruce"]
[Result "1/2-1/2"]
[WhiteCountry "ENG"]
[BlackCountry "SCO"]
[WhiteElo "2544"]
[WhiteRD "80"]
[BlackElo "2500"]
[BlackRD "66"]
[GameID "713466"]

1. e4 c5 2. Nf3 d6 3. d4 cxd4 4. Nxd4 Nf6 5. Nc3 a6 6. f3 e5 7. Nb3 Be6 8. Be3 h5 9. Qd2 Nbd7 10. Nd5 Bxd5
11. exd5 Qc7 12. Na5 g6 13. c4 e4 14. Be2 Bg7 15. O-O exf3 16. gxf3 O-O 17. Rac1 Rae8 18. b4 Re7 19. Bf4 Rfe8 20. Bd1 Qb6+
21. Kh1 h4 22. Bg5 h3 23. a3 Qc7 24. c5 Re5 25. cxd6 Qb8 26. Rc7 Rxd5 27. Qc1 Rxd6 28. Bf4 Rd3 29. Bc2 Bh6 30. Bxd3 Bxf4
31. Qxf4 Nd5 32. Qd6 Nxc7 33. Bxg6 fxg6 34. Qxg6+ Kf8 35. Qf5+ Ke7 36. Nc4 Ne6 37. Qh7+ Kf8 38. Qh6+ Kf7 39. Rd1 Re7 40. Nd6+ Kg8
41. Nf5 Qf8 42. Qxh3 Nf6 43. Qg2+ Ng7 44. Nxe7+ Qxe7 45. Qa2+ Kh8 46. Qd2 Nfe8 47. Qc3 b5 48. Rd5=
1/2-1/2

[Event "come and have another go..."]
[Site "SchemingMind.com"]
[Date "2021.07.16"]
[Round "-"]
[White "Robert Bruce"]
[Black "The Chess Machine"]
[Result "0-1"]
[WhiteCountry "SCO"]
[BlackCountry "ENG"]
[WhiteElo "2500"]
[WhiteRD "66"]
[BlackElo "2544"]
[BlackRD "80"]
[GameID "713467"]

1. c4 c5 2. g3 g6 3. Bg2 Bg7 4. Nc3 Nc6 5. Nf3 d6 6. O-O Bf5 7. b3 Qd7 8. Bb2 e5 9. d3 Nge7 10. Rb1 O-O
11. a3 Bh3 12. Bxh3 Qxh3 13. b4 Qd7 14. bxc5 dxc5 15. e4 f5 16. Nd5 b6 17. a4 Rae8 18. Re1 Nc8 19. Nd2 Nd6 20. Bc3 Rf7
21. Qe2 Ref8 22. Rf1 f4 23. Nf3 Qh3 24. Rbe1 h6 25. Kh1 fxg3 26. fxg3 Nd4 27. Bxd4 cxd4 28. Kg1 Nb7 29. Ra1 Kh8 30. Ra2 h5
31. Raa1 Nc5 32. a5 Nb3 33. Ra3 Nxa5 34. Qg2 Qd7 35. c5 Bh6 36. Raa1 Nc6 37. cxb6 axb6 38. h3 b5 39. Kh2 b4 40. Ra6 Kg7
41. Rb6 Qc8 42. Qe2 Rb7 43. Rb1 Rxb6 44. Nxb6 Qb7 45. Nc4 b3 46. Qd1 Rb8 47. Nfxe5 Nxe5 48. Nxe5 Qc7 49. Nc4 h4 50. e5 hxg3+
51. Kxg3 Qe7 52. Qe2 Rf8 53. Rf1 Qg5+ 54. Kh2 Rxf1 55. Qxf1 Qf4+ 56. Kg2 Qxf1+ 57. Kxf1 Bc1 58. Ke2 b2 59. Na3 Bf4 60. Kd1 Bxe5
61. Kc2 Kh6 62. Nc4 Bf4 63. Na5 Kh5 64. Nc6 Be3 65. Ne5 g5 66. Nf3 Kg6 67. Kxb2 Kf5 68. h4 g4
0-1

[Event "come and have another go..."]
[Site "SchemingMind.com"]
[Date "2021.07.15"]
[Round "-"]
[White "Robert Bruce"]
[Black "Giraldo Menendez Rodriguez"]
[Result "1/2-1/2"]
[WhiteCountry "SCO"]
[BlackCountry "CUB"]
[WhiteElo "2500"]
[WhiteRD "66"]
[BlackElo "2591"]
[BlackRD "66"]
[GameID "713468"]

1. f4 d5 2. Nf3 g6 3. e3 Bg7 4. Bd3 Nd7 5. c4 Nc5 6. Be2 d4 7. d3 dxe3 8. Nc3 Ne6 9. Bxe3 Nh6 10. Qd2 Nf5
11. Bf2 h5 12. O-O Qd6 13. Rfd1 c5 14. Ng5 Nxf4 15. Nge4 Qe5 16. Bxc5 Ne6 17. Bf2 Bh6 18. Qe1 Ned4 19. Kh1 Be6 20. Qg1 Rd8
21. a3 h4 22. Bg4 Nc2 23. d4 Qf4 24. Rac1 Qxg4 25. Rxc2 Bf4 26. d5 Ng3+ 27. Bxg3 hxg3 28. Re1 Rxh2+ 29. Qxh2 gxh2 30. dxe6 f5
31. Nf2 Qh4 32. Nd5 Bg3 33. Re3 Rd6 34. Nd3 g5 35. Rc1 f4 36. Rf3 g4 37. Rff1 f3 38. gxf3 Rxe6 39. N3f4 Bxf4 40. Nxf4 Rd6
41. fxg4 Qxg4 42. Rf2 Qg3=
1/2-1/2

[Event "come and have another go..."]
[Site "SchemingMind.com"]
[Date "2021.07.16"]
[Round "-"]
[White "Giraldo Menendez Rodriguez"]
[Black "Robert Bruce"]
[Result "1/2-1/2"]
[WhiteCountry "CUB"]
[BlackCountry "SCO"]
[WhiteElo "2591"]
[WhiteRD "66"]
[BlackElo "2500"]
[BlackRD "66"]
[GameID "713469"]

1. Nf3 Nf6 2. c4 e6 3. g3 d5 4. d4 Bb4+ 5. Bd2 Be7 6. Bg2 O-O 7. O-O Nc6 8. Qc2 dxc4 9. Qxc4 Qd5 10. Qa4 Rd8
11. Rc1 h6 12. e3 Bd7 13. h4 e5 14. Nc3 Qe6 15. Qc2 Nb4 16. Qb1 exd4 17. Nxd4 Qb6 18. Be1 c5 19. Nf5 Bf8 20. a3 Bxf5
21. Qxf5 Nd3 22. Rd1 g6 23. Qf3 Rab8 24. Bf1 Nxe1 25. Rxe1 Nd7 26. Re2 Qe6 27. Qe4 Qxe4 28. Nxe4 f5 29. Nc3 Bg7 30. Nb5 Ne5
31. Nxa7 b5 32. f4 Rd7 33. Nxb5 Rxb5 34. fxe5 Bxe5 35. Ra2 Kg7 36. Rc2 Ra5 37. Kg2 Rda7 38. h5 Kf6 39. Rf2 Rg7 40. g4 Ra4
41. Be2 Re4 42. hxg6 Rxe3 43. Rxf5+ Kxg6 44. b3 Re7 45. Rf3 Bd4 46. Rxe3=
1/2-1/2

[Event "come and have another go..."]
[Site "SchemingMind.com"]
[Date "2021.07.16"]
[Round "-"]
[White "Robert Bruce"]
[Black "Rubén Pulido "]
[Result "1/2-1/2"]
[WhiteCountry "SCO"]
[BlackCountry "CUB"]
[WhiteElo "2473"]
[WhiteRD "65"]
[BlackElo "2464"]
[BlackRD "67"]
[GameID "713470"]

1. f4 d5 2. Nf3 c5 3. e3 Nf6 4. b3 e6 5. Bb2 Be7 6. Bb5+ Nbd7 7. O-O O-O 8. a4 a6 9. Bd3 b6 10. Nc3 Qc7
11. Qe1 Re8 12. Qg3 Bd6 13. Ne2 e5 14. Bxe5 Nxe5 15. fxe5 Bxe5 16. Nxe5 Qxe5 17. c3 Qxg3 18. Nxg3 a5 19. b4 Rd8 20. Bb5 Be6
21. Rab1 Rac8 22. Ne2 Ne4 23. Rb2 g6 24. Bd3 Bd7 25. h4 Bc6 26. b5 Ba8 27. Bxe4 dxe4 28. Rf6 Rb8 29. g4 Kg7 30. g5 h6
31. Nf4 Re8 32. Rb1 hxg5=
1/2-1/2

[Event "come and have another go..."]
[Site "SchemingMind.com"]
[Date "2021.07.16"]
[Round "-"]
[White "Rubén Pulido "]
[Black "Robert Bruce"]
[Result "1/2-1/2"]
[WhiteCountry "CUB"]
[BlackCountry "SCO"]
[WhiteElo "2464"]
[WhiteRD "67"]
[BlackElo "2473"]
[BlackRD "65"]
[GameID "713471"]

1. e4 c5 2. Nc3 Nc6 3. Nf3 g6 4. d4 cxd4 5. Nxd4 Bg7 6. Be3 Nf6 7. Bc4 O-O 8. Bb3 Re8 9. f3 e6 10. f4 d6
11. Ndb5 Bf8 12. Qf3 a6 13. Nd4 Na5 14. O-O Nd7 15. Qf2 Nxb3 16. axb3 f5 17. exf5 exf5 18. Nd5 Nf6 19. Nxf6+ Qxf6 20. Nb5 Qf7
21. Rfd1 Qd7 22. c4 Qc6 23. Bb6 Rb8 24. Nc3 Be6 25. Rd3 Re7 26. Rad1 Rd7 27. h3 Bf7 28. h4 h5 29. Na2 Re8 30. Nb4 Qc8
31. Kh2=
1/2-1/2

[Event "come and have another go..."]
[Site "SchemingMind.com"]
[Date "2021.07.20"]
[Round "-"]
[White "The Chess Machine"]
[Black "Matthew Bailey"]
[Result "1/2-1/2"]
[WhiteCountry "ENG"]
[BlackCountry "ENG"]
[WhiteElo "2536"]
[WhiteRD "80"]
[BlackElo "2578"]
[BlackRD "68"]
[GameID "713472"]

1. e4 e5 2. Nf3 Nc6 3. Bc4 Bc5 4. O-O Nf6 5. d3 d6 6. c3 O-O 7. Bb3 h6 8. Nbd2 a5 9. h3 Be6 10. Bc2 Re8
11. Re1 d5 12. exd5 Qxd5 13. Nf1 Bf5 14. Ng3 Bh7 15. Ne4 Nxe4 16. dxe4 Qxd1 17. Rxd1 a4 18. Bd2 f6 19. b4 Bb6 20. Nh2 Bg6
21. Nf1 Bh5 22. Rdc1=
1/2-1/2

[Event "come and have another go..."]
[Site "SchemingMind.com"]
[Date "2021.07.20"]
[Round "-"]
[White "Matthew Bailey"]
[Black "The Chess Machine"]
[Result "1/2-1/2"]
[WhiteCountry "ENG"]
[BlackCountry "ENG"]
[WhiteElo "2578"]
[WhiteRD "68"]
[BlackElo "2536"]
[BlackRD "80"]
[GameID "713473"]

1. Nf3 c5 2. c4 Nc6 3. Nc3 e5 4. g3 g6 5. Bg2 Bg7 6. O-O Nge7 7. d3 d6 8. a3 O-O 9. Rb1 a5 10. b3 h6
11. Nd2 Rb8 12. Bb2 Be6 13. Nd5 b5 14. e3 Qd7 15. Re1 Bg4 16. Qc2 h5 17. h4 Rfc8 18. Ne4 Nxd5 19. cxd5 Ne7 20. Nd2 Rf8
21. a4 Bh3=
1/2-1/2

[Event "come and have another go..."]
[Site "SchemingMind.com"]
[Date "2021.07.20"]
[Round "-"]
[White "Robert Bruce"]
[Black "Matthew Bailey"]
[Result "0-1"]
[WhiteCountry "SCO"]
[BlackCountry "ENG"]
[WhiteElo "2473"]
[WhiteRD "65"]
[BlackElo "2608"]
[BlackRD "68"]
[GameID "713474"]

1. e4 e5 2. f4 d5 3. exd5 exf4 4. Nf3 Nf6 5. Bc4 Nxd5 6. O-O Be6 7. Bb3 c5 8. Kh1 Nc6 9. d4 c4 10. Bxc4 Ne3
11. Bxe3 Bxc4 12. Bg1 Bxf1 13. Qxf1 Be7 14. c4 O-O 15. Nc3 Bf6 16. Rd1 Re8 17. c5 Ne7 18. Nd2 Nd5 19. Nde4 Ne3 20. Bxe3 fxe3
21. Qf3 Be7 22. d5 Qd7 23. d6 Bd8 24. Rd5 a5 25. b3 h6 26. h3 b6 27. Rd1 Rc8 28. cxb6 Re5 29. Nd5 Rb8 30. Nec3 e2
31. Nxe2 Qxd6 32. Ne3 Qe6 33. Qg3 Bh4 34. Qxh4 Rxe3 35. Nf4 Qe4 36. Rd8+ Rxd8 37. Qxd8+ Kh7 38. Qc7 Re1+ 39. Kh2 Qe3 40. Qxf7 Qg1+
41. Kg3 Re3+ 42. Kg4 Qd1+ 43. Kf5 Qd8 44. Qg6+ Kg8 45. Kg4 Qd7+ 46. Kh4 Re5 47. Qc2 g5+ 48. Kg3 gxf4+ 49. Kh2 Re7 50. Qc5 f3
51. Qc4+ Rf7 52. gxf3 Qd6+ 53. Kg2 Qxb6 54. a3 Qf6 55. f4 Qg6+ 56. Kf3 Kh7 57. Qe4 Qxe4+
0-1

[Event "come and have another go..."]
[Site "SchemingMind.com"]
[Date "2021.07.20"]
[Round "-"]
[White "Matthew Bailey"]
[Black "Robert Bruce"]
[Result "1-0"]
[WhiteCountry "ENG"]
[BlackCountry "SCO"]
[WhiteElo "2608"]
[WhiteRD "68"]
[BlackElo "2473"]
[BlackRD "65"]
[GameID "713475"]

1. Nf3 g6 2. e4 d6 3. d4 Bg7 4. Bd3 Nc6 5. c3 Nf6 6. O-O O-O 7. Re1 e5 8. h3 Re8 9. d5 Ne7 10. c4 Nd7
11. Nc3 f5 12. b4 a5 13. Ng5 Nf6 14. b5 b6 15. a4 h6 16. Ne6 Bxe6 17. dxe6 f4 18. Ra2 Kh8 19. g3 g5 20. h4 Ng6
21. hxg5 hxg5 22. Kg2 Bh6 23. Rh1 Kg7 24. gxf4 gxf4 25. Kf1 Rh8 26. Nd5 Nxd5 27. exd5 Bg5 28. Rg1 Rh4 29. Qf3 Qf6 30. c5 bxc5
31. Qg2 Rh5 32. Rb2 Rb8 33. Be4 Rbh8 34. b6 cxb6 35. Rxb6 Qd8 36. Rb7+ Ne7 37. Rd7 Qe8 38. Bd2 Kf6 39. Bxa5 Qa8 40. Bf3 Qa6+
41. Be2 Qxa5 42. Rxe7 Kxe7 43. Bxh5 Rxh5 44. Qg4 f3 45. Qxf3 Qxa4 46. Qf7+ Kd8 47. Qxh5 Qc4+ 48. Qe2 Qxd5 49. Rxg5 Qh1+ 50. Rg1 Qh3+
51. Ke1 Qc3+ 52. Qd2 Qa1+ 53. Ke2 Qa6+ 54. Qd3 Qa2+ 55. Kf1 Qxe6 56. Rg7
1-0

[Event "come and have another go..."]
[Site "SchemingMind.com"]
[Date "2021.07.20"]
[Round "-"]
[White "Giraldo Menendez Rodriguez"]
[Black "Matthew Bailey"]
[Result "1/2-1/2"]
[WhiteCountry "CUB"]
[BlackCountry "ENG"]
[WhiteElo "2591"]
[WhiteRD "66"]
[BlackElo "2583"]
[BlackRD "68"]
[GameID "713476"]

1. e4 e5 2. Nf3 Nc6 3. Bb5 a6 4. Ba4 Nf6 5. O-O Nxe4 6. d4 b5 7. Bb3 d5 8. dxe5 Be6 9. Nbd2 Nc5 10. c3 Be7
11. Bc2 d4 12. Nb3 d3 13. Bb1 Nxb3 14. axb3 Bf5 15. Be3 O-O 16. Bd4 Qd5 17. Re1 Rfd8 18. h4 Nxd4 19. Nxd4 Be4 20. b4 c5
21. bxc5 Bxc5 22. Qg4 Bxd4 23. Rxe4 Bxe5 24. Ba2 Qc5 25. Bxf7+ Kxf7 26. Qf5+ Kg8 27. Rxe5 Qf8 28. Qxf8+ Kxf8 29. Kf1 d2 30. Rd1 Rd6
31. f3 Rad8 32. Kf2 Kf7 33. Ke2 Kf6 34. Re4 h5 35. c4 Rd3 36. Rf4+ Ke5=
1/2-1/2

[Event "come and have another go..."]
[Site "SchemingMind.com"]
[Date "2021.07.20"]
[Round "-"]
[White "Matthew Bailey"]
[Black "Giraldo Menendez Rodriguez"]
[Result "1/2-1/2"]
[WhiteCountry "ENG"]
[BlackCountry "CUB"]
[WhiteElo "2583"]
[WhiteRD "68"]
[BlackElo "2591"]
[BlackRD "66"]
[GameID "713477"]

1. d4 Nf6 2. c4 e6 3. Nf3 d5 4. Nc3 Bb4 5. cxd5 exd5 6. Bg5 h6 7. Bh4 Bf5 8. Qa4+ Nc6 9. e3 g5 10. Bg3 O-O
11. Bb5 Bxc3+ 12. bxc3 Ne7 13. Nd2 Ng6 14. O-O h5 15. h3 g4 16. h4 c6 17. Be2 Ne8 18. f3 Nxh4 19. fxg4 Bxg4 20. Bd3 Qg5
21. Bf4 Qg7 22. Rf2 Bh3 23. Bf1 Bf5 24. Be5 Qg6 25. Qb4 f6 26. Qxb7 fxe5 27. Qxa8 exd4 28. cxd4 Qg3 29. Qxa7 Nf6 30. Be2 Qxe3
31. Qc7 Bg4 32. Qe5 Qxf2+ 33. Kxf2 Nd7+ 34. Kg3 Nxe5 35. Bxg4 Nxg4 36. Kxh4=
1/2-1/2

[Event "come and have another go..."]
[Site "SchemingMind.com"]
[Date "2021.07.20"]
[Round "-"]
[White "Matthew Bailey"]
[Black "Rubén Pulido "]
[Result "1/2-1/2"]
[WhiteCountry "ENG"]
[BlackCountry "CUB"]
[WhiteElo "2608"]
[WhiteRD "68"]
[BlackElo "2464"]
[BlackRD "67"]
[GameID "713478"]

1. c4 e5 2. g3 Nf6 3. Bg2 d5 4. cxd5 Nxd5 5. Nc3 Nb6 6. d3 Be7 7. f4 exf4 8. Bxf4 O-O 9. Nf3 Nc6 10. O-O Bg4
11. h3 Be6 12. Kh2 Qd7 13. Ng5 Bxg5 14. Bxg5 Nd5 15. Qa4 f6 16. Bd2 Nb6 17. Qd1 Nd5 18. Ne4 b6 19. Qa4 Nde7 20. Nc3 Rad8
21. Rac1 Rfe8 22. b3 Bf7 23. Rf2 Qd4 24. Ne4 Qxa4 25. bxa4 Bd5 26. g4 Rd7 27. a5 Nd4 28. Bc3 Bxe4 29. Bxe4 Ne6 30. h4 Nc5=
1/2-1/2

[Event "come and have another go..."]
[Site "SchemingMind.com"]
[Date "2021.07.20"]
[Round "-"]
[White "Rubén Pulido "]
[Black "Matthew Bailey"]
[Result "0-1"]
[WhiteCountry "CUB"]
[BlackCountry "ENG"]
[WhiteElo "2464"]
[WhiteRD "67"]
[BlackElo "2608"]
[BlackRD "68"]
[GameID "713479"]

1. Nf3 Nf6 2. c4 g6 3. Nc3 Bg7 4. e4 d6 5. d4 O-O 6. Be2 e5 7. O-O Nc6 8. d5 Ne7 9. b4 Nh5 10. c5 f5
11. Bc4 Nf6 12. Nd2 f4 13. Nf3 h6 14. h3 g5 15. a4 Ng6 16. c6 g4 17. hxg4 Nxg4 18. Nb1 h5 19. Nbd2 Rf7 20. Ra3 Bf6
21. b5 Rg7 22. Qe2 Qe8 23. Rb3 b6 24. Kh1 Nh6 25. Nh2 Bg4 26. Qd3 Kh8 27. Rg1 Qg8 28. f3 Bc8 29. Rb2 Bh4
0-1

[Event "come and have another go..."]
[Site "SchemingMind.com"]
[Date "2021.07.17"]
[Round "-"]
[White "The Chess Machine"]
[Black "William Lindberg"]
[Result "1-0"]
[WhiteCountry "ENG"]
[BlackCountry "USA"]
[WhiteElo "2544"]
[WhiteRD "80"]
[BlackElo "2429"]
[BlackRD "65"]
[GameID "713481"]

1. e4 e5 2. Bc4 c6 3. d4 d5 4. exd5 cxd5 5. Bb5+ Bd7 6. Bxd7+ Nxd7 7. dxe5 Nxe5 8. Qe2 Qe7 9. Bf4 Nc6 10. Nd2 g6
11. Nb3 Nf6 12. Qxe7+ Bxe7 13. c3 O-O 14. Nf3 Rfe8 15. O-O-O Bd8 16. Nfd4 Bb6 17. f3 Kg7 18. Nxc6 bxc6 19. Rhe1 Rxe1 20. Rxe1 Re8
21. Rxe8 Nxe8 22. Nd4 c5 23. Nc6 Kf6 24. a4 a5 25. b4 cxb4 26. cxb4 axb4 27. Kb2 Ke6 28. Kb3 Bc7 29. Bxc7 Nxc7 30. Kxb4 Kd6
31. Nd4 Ke5 32. Nb3 Kd6 33. g3 Ne6 34. Kb5 Kc7 35. f4 h5 36. a5 Kb7 37. h4 Kb8 38. Kc6 d4 39. Kd5 d3 40. Ke5 Nc5
41. Nd2 Nd7+ 42. Kd6 Kc8 43. a6 f5 44. a7 Nb6 45. Ke6 Kb7 46. Kf7 Kxa7 47. Kxg6 Nd7 48. Kxh5 Nf6+ 49. Kg6 Ne4 50. Nf3 d2
51. Nxd2 Nxd2 52. Kxf5 Nf1 53. g4 Ne3+ 54. Kg5 Kb6 55. h5 Kc6 56. h6 Nc4 57. h7 Nd6 58. Kg6
1-0

[Event "come and have another go..."]
[Site "SchemingMind.com"]
[Date "2021.07.16"]
[Round "-"]
[White "William Lindberg"]
[Black "The Chess Machine"]
[Result "0-1"]
[WhiteCountry "USA"]
[BlackCountry "ENG"]
[WhiteElo "2432"]
[WhiteRD "67"]
[BlackElo "2536"]
[BlackRD "80"]
[GameID "713482"]

1. c4 c5 2. Nf3 Nc6 3. Nc3 e5 4. g3 g6 5. d3 Bg7 6. Bg2 Nge7 7. Bd2 d6 8. a3 a5 9. Rb1 O-O 10. O-O Rb8
11. Qc1 b6 12. Re1 Bb7 13. e4 Bc8 14. Be3 Kh8 15. h4 f5 16. exf5 gxf5 17. Bg5 f4 18. Bxe7 Nxe7 19. Ng5 Nf5 20. Qd1 Qe8
21. Nge4 b5 22. Nxb5 Rxb5 23. cxb5 d5 24. Nxc5 Qe7 25. b4 fxg3 26. fxg3 Nxg3 27. Re3 Nf5 28. Qe1 Rg8 29. b6 Bf6 30. Rf3 Qg7
31. Rf2 e4 32. b7 Bxb7 33. Ne6 Qg3 34. dxe4 Nxh4 35. Qd2 Be5 36. Nf4 dxe4 37. Re1 Nf5 38. Qd7 Bd4 39. Rf1 Bxf2+ 40. Rxf2 e3
41. Ra2 Qxf4 42. Qxb7 Nd4 43. Qd5 Rc8
0-1

[Event "come and have another go..."]
[Site "SchemingMind.com"]
[Date "2021.07.16"]
[Round "-"]
[White "Robert Bruce"]
[Black "William Lindberg"]
[Result "1/2-1/2"]
[WhiteCountry "SCO"]
[BlackCountry "USA"]
[WhiteElo "2500"]
[WhiteRD "66"]
[BlackElo "2429"]
[BlackRD "65"]
[GameID "713483"]

1. d4 Nf6 2. Nf3 e6 3. e3 b6 4. Nbd2 Bb7 5. Bd3 d5 6. Ne5 Bd6 7. f4 O-O 8. Qf3 c5 9. c3 Nbd7 10. O-O Rc8
11. g4 g6 12. g5 Nh5 13. Qg2 Nxe5 14. fxe5 Be7 15. Nf3 Ng7 16. h4 Kh8 17. a3 Rg8 18. Rf2 Nf5 19. Qh2 c4 20. Bc2 h5
21. gxh6 Bxh4 22. Nxh4 Nxh4 23. Bd2 Nf5 24. Raf1 Kh7 25. Rg2 Qe7 26. Qf4 Bc6 27. Rf3 Qd7 28. Rf1 Ba4 29. Bb1 Bc6 30. Qf3 Rcf8
31. Be1 b5 32. Bc2 Qe7 33. Qf4 a5 34. Bb1 Bd7 35. Bc2 Bc6 36. Kh2 Qc7 37. Bb1 Qd8 38. Kg1 Qd7 39. Rff2 Rb8 40. Rf1 Qe7
41. Bd2 Rbf8 42. Be1 Qd8 43. Qf3 Bb7 44. Qf4 Bc6 45. Rf3 Bb7 46. Rg5 Bc6 47. Rg2 Bb7 48. Rh3 f6 49. Rf3 fxe5 50. Qxe5 Bc8
51. Bg3 Re8 52. Bf4 Ref8 53. Rf1 Qd7 54. Bg5 Rf7 55. Kh2 Qe8 56. Bf6 Rb7 57. Bg7 b4 58. axb4 axb4 59. Qf6 bxc3 60. bxc3 Bd7
61. Kh1 Rb3 62. Rfg1 Rxc3 63. Rxg6 Rb3 64. R6g5 Rb2 65. Rd1 Rf2 66. Rc1 c3 67. Bc2 Re2 68. Qe5 Rd2 69. Qf6 Rf2 70. Bd3 Rd2
71. Rxc3 Rd1+ 72. Kh2 Rd2+ 73. Kh3 Rxd3 74. Rxd3 Nd6 75. Bh8 Nf5 76. Bg7 Nd6 77. Re5 Nf5 78. Qxf5+ exf5 79. Rxe8 Rxe8 80. Kg3 Re6
81. Ra3 Bb5 82. Kf3 Kg6 83. Rb3 Bf1 84. Rb8=
1/2-1/2

[Event "come and have another go..."]
[Site "SchemingMind.com"]
[Date "2021.07.16"]
[Round "-"]
[White "William Lindberg"]
[Black "Robert Bruce"]
[Result "0-1"]
[WhiteCountry "USA"]
[BlackCountry "SCO"]
[WhiteElo "2429"]
[WhiteRD "65"]
[BlackElo "2500"]
[BlackRD "66"]
[GameID "713484"]

1. c4 b5 2. cxb5 a6 3. e4 Bb7 4. Nc3 Nf6 5. e5 Nd5 6. Nf3 e6 7. bxa6 Nxa6 8. Bc4 Nf4 9. O-O Nxg2 10. Kxg2 Qg5+
11. Kh1 Qf5 12. Be2 g5 13. d3 g4 14. Ne4 gxf3 15. Bxf3 O-O-O 16. Ng5 Bc6 17. Be4 Rg8 18. Qe2 Qxe5 19. Nxf7 Qg7 20. Bxc6 Qxf7
21. Be4 Nc5 22. Be3 Nxe4 23. dxe4 d5 24. f3 d4 25. Qa6+ Kb8 26. Bd2 Qh5 27. Qxe6 Rg6 28. Qb3+ Kc8 29. Bf4 Bh6 30. Bxh6 Rxh6
31. Rf2 d3 32. Qa4 Qc5 33. Raf1 Rf6 34. Qd1 h5 35. Qe1 Rc6 36. Rd2 Qb5 37. Rxd3 Qxd3
0-1

[Event "come and have another go..."]
[Site "SchemingMind.com"]
[Date "2021.07.16"]
[Round "-"]
[White "William Lindberg"]
[Black "Giraldo Menendez Rodriguez"]
[Result "0-1"]
[WhiteCountry "USA"]
[BlackCountry "CUB"]
[WhiteElo "2429"]
[WhiteRD "65"]
[BlackElo "2591"]
[BlackRD "66"]
[GameID "713485"]

1. e4 c5 2. Nf3 d6 3. Bb5+ Nd7 4. O-O a6 5. Bxd7+ Bxd7 6. d3 e6 7. a4 Ne7 8. b3 Ng6 9. Bb2 Be7 10. Bxg7 Rg8
11. Bb2 Qc7 12. Nbd2 f5 13. exf5 exf5 14. Nc4 O-O-O 15. Re1 Bc6 16. g3 f4 17. d4 Bf6 18. d5 Bxb2 19. Nxb2 Bd7 20. Nd2 fxg3
21. fxg3 Kb8 22. Nbc4 Nf4 23. Ne4 h5 24. Qd2 Nh3+ 25. Kg2 Bf5 26. Re3 Rgf8 27. Rae1 Bg4 28. Rd3 Qh7 29. Ncxd6 h4 30. Nxb7 Qxb7
31. Qh6 Ka7 32. Qg6 hxg3 33. hxg3 Bc8 34. Rf1 Rxf1 35. Kxf1 Rf8+ 36. Ke1 Bf5 37. Qh6 Re8 38. Re3 Bxe4 39. a5 Qb4+ 40. Kf1 Qb5+
41. c4 Qb7 42. Qb6+ Qxb6 43. axb6+ Kxb6 44. Ke1 Ka5 45. Kd2 Kb4 46. d6 Re6 47. d7 Rd6+ 48. Ke2 Ng5 49. Ke1 Rxd7 50. g4 Rd3
51. Ke2 Rxe3+ 52. Kxe3 Bg6 53. Ke2 a5 54. Kd1 Kxb3 55. Kd2 a4 56. Kd1 a3
0-1